banner-ar

القانون البحرى / (Record no. 56172)

MARC details
000 -الفاتح
حقل البيانات ثابتة الطول 00628nam a2200217Ia 4500
008 - عناصر البيانات ثابتة الطول - معلومات عامة
حقل البيانات ثابتة الطول 140319s9999 xx 000 0 ara d
040 ## - مصدر الفهرسة
وكالة الفهرسة الأصلية GCL /
وكالة النسخ GCL
082 04 - رقم تصنيف ديوى العشرى
رقم التصنيف 341.44
رقم المادة م ق
100 1# - المدخل الرئيسى - إسم شخصى
الإسم الشخصى مصطفى كمال طه
245 10 - بيان العنوان
العنوان القانون البحرى /
بيان المسئوليه,etc مصطفى كمال طه
260 ## - PUBLICATION, DISTRIBUTION, ETC. (IMPRINT)
تاريخ النشر أو التوزيع 1990
300 ## - الوصف المادى
التعداد 557 ص
490 ## - بيان السلسلة
عنوان السلسلة
650 04 - المدخل الاضافى بالموضوع-مصطلح موضوعى
مصطلح موضوعي القانون
650 04 - المدخل الاضافى بالموضوع-مصطلح موضوعى
مصطلح موضوعي القانون البحرى
650 04 - المدخل الاضافى بالموضوع-مصطلح موضوعى
مصطلح موضوعي القانون التجارى
650 04 - المدخل الاضافى بالموضوع-مصطلح موضوعى
مصطلح موضوعي الشحن
650 04 - المدخل الاضافى بالموضوع-مصطلح موضوعى
مصطلح موضوعي التعويضات
942 ## - عناصر المدخل الإضافي( كوها)
مصدر التصنيف او مخطط الترفيف Dewey Decimal Classification
Koha [default] item type كتاب
260 ## - PUBLICATION, DISTRIBUTION, ETC. (IMPRINT)
-- [S.N] :
-- دار الجامعة الجديدة للنشر ،
Holdings
حالة التراجع حالة الفقد حالة تلف ليس للاعارة المكان المؤقت الموقع الحالى تاريخ الاكتساب اجمالي اﻻعارات رقم الطلب الباركود تاريخ اخر مشاهدة تاريخ تفعيل السعر نوع وعاء كوها
        مكتبة القاهرة الكبرى مكتبة القاهرة الكبرى 03/26/2014   341.44 \ م ق 134735 03/26/2014 03/26/2014 كتاب
        مكتبة القاهرة الكبرى مكتبة القاهرة الكبرى 03/26/2014   341.44 \ م ق 134736 03/26/2014 03/26/2014 كتاب

Powered By

EGPV